| 000 | 00572nam a22002177a 4500 | ||
|---|---|---|---|
| 003 | OSt | ||
| 005 | 20210420075004.0 | ||
| 008 | 201202s1966 ||||| |||| 00| 0 eng d | ||
| 040 |
_aeng _beng _cDLC |
||
| 041 | _aeng | ||
| 080 |
_a821.111 _bG-60 |
||
| 100 |
_9450 _aGold, Herbert |
||
| 245 |
_aFathers _c/ by : Random House |
||
| 250 | _a2nd Edition | ||
| 260 |
_aNew York _bRandom House _c1966 |
||
| 300 | _a309 p. | ||
| 365 | _b5.95 usd | ||
| 650 | 0 |
_9247 _aEnglish literature |
|
| 653 | _aინგლისური ლიტერატურა | ||
| 942 |
_2udc _cBK _e2 |
||
| 999 |
_c552 _d552 |
||